000 00886 a2200205 4500
003 Nust
005 20241003160247.0
020 _a0070435898
040 _cNust
082 0 0 _a621.3,KOT
100 1 _aKothari, D. P.
_974459
245 1 0 _aBasic electrical engineering /
_cD. P. Kothari and I. J. Nagrath
246 3 _aElectrical engineering
250 _a2nd ed.
260 _aNew Delhi
_bMcGraw Hill,
_c2002
300 _axvi, 667p.:
505 _aElementary Concepts and Definitions (Page-1), Fundamentals a of Resistive Circuits (Page-34), Transformers (Page-303), EMF and Toque in Electrical Machines (Page-343), DC Machines (Page-384), Ac Machines (Page-426), Fractional – KW Motors (Page-481), Measurement Techniques and Electric and Electronic Instrumentations (Page-492), Electric Energy (Page-556).
650 0 _aBasic electrical engineering
_962625
942 _2ddc
_cBK
999 _c183730
_d183730